000 00734nam a2200217Ia 4500
001 12825
003 GE_BSU
008 181216s||||||||xx |||||||||||||| ||und||
040 _cGE_BSU
080 _a631+633+635
100 _aШарапов,Н.И.
245 _aПовышение качества урожая сельскохозяйственных культур (научные основы)
245 _cРед.Ф.С.Голомысов
260 _aЛенинград
260 _bКолос
260 _c1973
300 _a224стр.20см.
300 _cБиблиогр.с.203-222
653 _aПовышение качества урожая сельскохозяйственных культур
942 _cBK
999 _c45996
_d45996